000 00424nam a22001697a 4500
005 20180327121351.0
008 160519b xxu||||| |||| 00| 0 eng d
020 _a9788125907671
041 _aeng
082 _b3158
_a338.7
100 _aChidambaram K. Alagappan A.
_94243
245 _aBusiness Environment
260 _aNew Delhi
_bVikash Publishing,
_c2009
300 _a191
650 _aManagement
_9241
942 _cBK
999 _c1088
_d1088